00425 2200169 4500001002100000008004100021035002000062245003400082100001900116260002800135300002400163020002200187084001400209082000800223650000900231990001500240INLIS000000000003296 ind  a0010-1225000117 aMegapa Tidak ?cCrispin Boyer aBoyer, Crispin aJakartabGramediac2020 a224 hlmc21 x 26 cm a978-602-481-429-8 a000 CRI m a000 aUmum a19771/B/26